| 000 | 00341nam a2200133Ia 4500 | ||
|---|---|---|---|
| 008 | 240624s9999 xx 000 0 und d | ||
| 041 | _aeng | ||
| 082 | _a302.35 GRE | ||
| 100 | _aGREENWALD HOWARD P | ||
| 245 | _aORGANIZATIONS MANAGEMENT WITHOUT CONTROL | ||
| 260 |
_c2008 _aLondon _bSage Publications |
||
| 300 | _a528 : p. | ||
| 365 |
_c _b31 |
||
| 999 |
_c20889 _d20889 |
||